| 000 | 00385nam a2200157Ia 4500 | ||
|---|---|---|---|
| 008 | 260407s2023 xx 000 0 und d | ||
| 041 | _aeng | ||
| 082 |
_a354.54/SAG _b12241 |
||
| 100 | _aK.SAGAR | ||
| 245 | _aMPSC RAJSEVA MUKHA PARIKHSHA PATRATA PAPER | ||
| 250 | _a12TH | ||
| 260 |
_aPUNE _bK.SAGAR PUB HOUSE _c2023 |
||
| 300 | _a203p | ||
| 650 | _aGENERAL | ||
| 650 | _aGENERAL | ||
| 999 |
_c1219733 _d1219733 |
||